Governatorates of the Kingdom of Libya in 1963 on a Map - Statistics

General Stats
  • This quiz has been taken 44 times
  • The average score is 4 of 10
Answers on the Map
Answers color-coded by a green-red scale on the quiz's map according to % correct below.
 
Answer Stats
Governatorate % Correct
Benghazi
97%
Misrata
53%
Sabha
50%
Darnah
43%
Bayda
33%
Al Jabal al Gharbi
23%
Al Khums
23%
Az Zawiyah
23%
Awbari
17%
Tarabulus
17%
No matching quizzes found
Score Distribution
Percent of People with Each Score
Percentile by Number Answered
Your Score History
You have not taken this quiz